000 00437nam a2200181Ia 4500
001 19158
005 20260306171723.0
008 260306s9999||||xx |||||||||||||| ||und||
041 _aESP
082 _a658.8
_bP36
100 _aPedret, Ramón
_eAUT
245 0 _aLa investigación comercial como soporte del marketing
260 _c2002
300 _apágs. :
_ccm.
650 _aGEN
654 _aCAN
942 _cLIB
_dJUS
_fJUS
_2ddc
_n
999 _c19158
_d19158